000
00261nam a22001217a 4500
082
_a
823
_b
DAS/G
100
_a
DAS, SINDHU SATHYA
245
_a
GOD'S LITTLE DEW DROPS
260
_a
ALUVA
_b
PEN BOOKS
_c
2002
300
_a
208
650
_a
NOVEL
_z
INDIA
942
_c
BK
999
_c
3009
_d
3009